000 01623nam a2200385 i 4500
001 167839
003 ES-MaACL
005 20251201192156.0
008 931025s1883 sp a |||| | spa d
080 _a821.113.6-14"18"
080 _a821.112.2-14"17"
080 _a821.134.2-14"16"
245 0 0 _aTres poesías /
_ctraducciones de D.J.E. Hartzenbusch, y D.J. Yxart ; dibujos de Carlos Larsson, A. Liezen Mayer, Roberto Seitz y Alejandro Riquer.
260 _aBarcelona :
_bE. Domenech y Cª,
_c1883 (
_fImp. de F. Giró)
300 _a127 p. :
_bil. ;
_c21 cm.
490 1 _aBiblioteca "Arte y letras"
505 0 _aEl ángel de la muerte / O. Wallin . Canción de la campana / F. Schilller . Epístola moral / F. de Andrada
530 _aDisponible en formato digital.
700 1 _aWalim, Johan Olof.
_9156764
700 1 _aSchiller, Friedrich,
_d1759-1805
_9104361
700 1 _aFernández de Andrada, Andrés.
_9156763
700 1 _aHartzenbusch, Juan Eugenio,
_d1806-1880
_962011
700 1 _aYxart, Josep,
_d1852-1895
_9139230
700 1 _aLarsson, Carl,
_d1853-1919
_9171871
700 1 _aLiezen-Mayer, Alexander von,
_d1839-1898
_9128952
700 1 _aSeitz, R.
_9105274
700 1 _aRiquer Inglada, Alejandro de.
_9144464
740 3 2 _aEl ángel de la muerte.
740 0 2 _aCanción de la campana.
740 0 2 _aEpístola moral.
830 1 0 _aBiblioteca "Arte y letras"
_9180874
852 _aES-MaACL
_jB-733
_z- Enc. tela editorial cromolit.
856 _uhttp://bdh-rd.bne.es/viewer.vm?id=0000235508&page=1
_zBiblioteca Digital Hispánica
999 _c167839
_d167839